| 000 | 00906nam a22002297a 4500 | ||
|---|---|---|---|
| 005 | 20170124110224.0 | ||
| 010 | _aA-459676 | ||
| 020 | _c175.00 | ||
| 035 | _aA-459676 | ||
| 037 | _bCen Lib/Ret | ||
| 040 |
_aDPL _bEN |
||
| 082 |
_a345.456 _bVER |
||
| 100 |
_aVerma, R. S. _940359 |
||
| 245 |
_aDelhi muncipals digest : _cby R. S. Verma _b containing cases under Delhi Municipal Corporation Act, 1957, Punjab Municipal Act, 1911, and Delhi Development Act, 1957, with extracts of these acts as amended in 1984 / |
||
| 246 | _b | ||
| 260 |
_bVerma Publications _c1991 _aDelhi |
||
| 270 |
_bDelhi _aChamber N0.83, Tis Hazari Courts _e110054 |
||
| 300 |
_alxxxiv,112p. _c22cm(Hb) |
||
| 650 |
_aMunicipal corporations -- India -- Delhi (Union Territory) -- Digests _940360 |
||
| 650 |
_aMunicipal corporations -- India -- Punjab -- Digests _940361 |
||
| 942 |
_2ddc _cEN _h345.456 _mVER |
||
| 999 |
_c134296 _d134296 |
||